00410nam a22001457a 4500003001200000005001700012008004100029020001500070040001200085082001600097100002000113245010000133260001100233650002000244NUST - PNEC20170116181149.0151015b xxu||||| |||| 00| 0 eng d a0195771605 cLIBRARY a915.043 MAS aMasson, Charles aNarrative of various journeys in Balochistan, Afghanistan, and the Panjab Vol 1cCharles Masson cc.1974 aTravelxGeneral